| 000 | 00537nam a2200181Ia 4500 | ||
|---|---|---|---|
| 003 | IN-BaIIA | ||
| 008 | 211028s9999 xx 000 0 eng d | ||
| 040 | _cIIA Library | ||
| 080 |
_a[8]:01:00 _bSTR |
||
| 100 |
_aStrutt, Robert John _98225 |
||
| 245 | 0 |
_aJohn William Strutt third baron rayleigh _cRobert John Strutt |
|
| 260 |
_aLondon _bEdward Arnold _c1924 |
||
| 300 | _axi, 403p. | ||
| 650 |
_a Biography-John William Strutt _98226 |
||
| 650 |
_a John William Strutt Biography _98227 |
||
| 650 | _aNASA Thesaurus | ||
| 942 | _cBK | ||
| 999 |
_c4644 _d4644 |
||